000 00227 a2200097 4500
001 23103
100 _aLynch, W A
245 _aPrinciples of Electronic Instrumentation
260 _a
_bMcGraw-Hill
_c1962
090 _c15644
_d15644
942 _aNUST-CAE
_cM
_c6274
999 _c258176
_d258176